000 00732njm a2200181 i 4500
999 _c163436
_d163436
001 C2-0264914
003 PPAK
005 20190627103510.0
008 050521s2005 my |||| ||||| | eng d
040 _aPPAK
_beng
_cPPAK
_erda
245 0 4 _aThe political belief system of Tun Dr. Mahathir Mohammad and the causes and consequences of the breakdown of middle east process
264 1 _aAlor Setar, Kedah :
_bPerbadanan Perpustakaan Awam Kedah ,
_c2005
336 _2rdacontent
_atext
337 _2rdamedia
_aunmediated
338 _2rdacarrier
_avolume
500 _aTiada transkripsi ; Dirakam pada 21/03/2005 di Institut Pemikiran Tun Dr. Mahathir Mohamad ; Ucap perdana oleh Prof. Dr. Mohammad El-Sayed Selim
942 _cB
_2ddc